Soudoba ekonomie ocima tri generaci : dvacet let ekonomie na Univerzite Karlove /

Bibliographic Details
Main Author: Mlcoch, Lubomir, (Author)
Format: eBook
Language:Czech
Published: [Prague, Czech Republic] : Karolinum, 2013.
Edition:Vydani prvni.
Subjects:
Online Access:Click to View
LEADER 01859nam a2200433 i 4500
001 EBC2012903
003 MiAaPQ
005 20200520144314.0
006 m o d |
007 cr cnu||||||||
008 150109t20132013xr a ob 000 0 cze d
020 |z 9788024621487 
020 |a 9788024627410  |q (electronic bk.) 
035 |a (MiAaPQ)EBC2012903 
035 |a (Au-PeEL)EBL2012903 
035 |a (CaPaEBR)ebr10997439 
035 |a (OCoLC)900886447 
040 |a MiAaPQ  |b eng  |e rda  |e pn  |c MiAaPQ  |d MiAaPQ 
043 |a e-xr--- 
050 4 |a HC270.283  |b .M536 2014 
082 0 |a 330.9437105  |2 23 
100 1 |a Mlcoch, Lubomir,  |e author. 
245 1 0 |a Soudoba ekonomie ocima tri generaci :  |b dvacet let ekonomie na Univerzite Karlove /  |c Lubomir Mlcoch. 
250 |a Vydani prvni. 
264 1 |a [Prague, Czech Republic] :  |b Karolinum,  |c 2013. 
264 4 |c 2013 
300 |a 1 online resource (148 pages) :  |b illustrations 
336 |a text  |2 rdacontent 
337 |a computer  |2 rdamedia 
338 |a online resource  |2 rdacarrier 
504 |a Includes bibliographical references. 
588 |a Description based on online resource; title from PDF cover (ebrary, viewed January 8, 2015). 
590 |a Electronic reproduction. Ann Arbor, MI : ProQuest, 2016. Available via World Wide Web. Access may be limited to ProQuest affiliated libraries. 
651 0 |a Czech Republic  |x Economic conditions  |y 20th century. 
651 0 |a Czech Republic  |x Economic conditions  |y 1993- 
655 4 |a Electronic books. 
776 0 8 |i Print version:  |a Mlcoch, Lubomir.  |t Soudoba ekonomie ocima tri generaci : dvacet let ekonomie na Univerzite Karlove.  |b Vydani prvni.  |d [Prague, Czech Republic] : Karolinum, c2013   |h 148 pages   |z 9788024621487 
797 2 |a ProQuest (Firm) 
856 4 0 |u https://ebookcentral.proquest.com/lib/matrademy/detail.action?docID=2012903  |z Click to View